Dos documentos donde Porfirio Díaz, General de División del Ejercito de la República y en gefe de la línea miltar de Oriente, de acuerdo a las facultades que le confiere el Supremo Gobierno da un empleo de teniente en Oaxaca en el año de 1864

Detalles Bibliográficos
Formato: Libro
Lenguaje:Spanish
Publicado: Oaxaca : 1864.
Materias:
Colección:Banco de datos
Acervo:Universidad Autónoma Benito Juárez de Oaxaca. Biblioteca Francisco de Burgoa. Colección pliegos sueltos
Descripción Física:[2] h. ; 33.5 cm.
Tema general:Historia de Oaxaca
Notas:Texto impreso y manuscrito a renglón seguido. Guarda hecha de papel cultural
LEADER 00835nam a22001570004500
035 |a 174 
041 0 |a spa 
245 1 0 |a Dos documentos donde Porfirio Díaz, General de División del Ejercito de la República y en gefe de la línea miltar de Oriente, de acuerdo a las facultades que le confiere el Supremo Gobierno da un empleo de teniente en Oaxaca en el año de 1864 
260 |a Oaxaca : 1864. 
300 |a [2] h. ; 33.5 cm.  
500 |a Texto impreso y manuscrito a renglón seguido. Guarda hecha de papel cultural 
650 1 0 |a Historia de Oaxaca 
852 |a Universidad Autónoma "Benito Juárez" de Oaxaca, Biblioteca Francisco de Burgoa, Colección pliegos sueltos 24805 
942 |c BURPLI 
943 |g Universidad Autónoma Benito Juárez de Oaxaca. Biblioteca Francisco de Burgoa. Colección pliegos sueltos 
999 |c 1126446  |d 1126446